000 00329nam a2200133Ia 4500
008 151001s9999||||xx |||||||||||||| ||und||
100 _aसंतोष इंदुरेखा
245 _aभय का भूत
250 _a1
260 _bपाथेय
260 _c2008
300 _a16
365 _b21
999 _c992686
_d992683